| 000 | 00339nam a22001457a 4500 | ||
|---|---|---|---|
| 003 | SGT | ||
| 020 | _a978-93-86896-04-9 | ||
| 082 |
_a610.73 _bF18F |
||
| 100 | _aFRANCIS, CELESTINA | ||
| 245 | _aFUNDAMENTALS OF NURSING FOR B.SC NURSING STUDENTS | ||
| 250 | _a2ND | ||
| 260 |
_aINDIA _bLOTUS PUB _c2018 |
||
| 300 | _a624 | ||
| 942 |
_2ddc _cBK |
||
| 999 |
_c18242 _d18242 |
||